000 00389nam a2200169Ia 4500
005 20251020182615.0
008 200515s9999 xx 000 0 und d
082 _aSC/691/B36/2001
110 _aBellsouth
245 0 _aGuía internacional de Productos y Servicios
260 _as.l.e..
260 _c2001
300 _a188
650 _aDIRECTORIOS
650 _aGUIAS
942 _cLIB
999 _c3464
_d3464